Popol vuh o El libro del consejo / (Record no. 25529)
[ view plain ]
| 000 -CABECERA | |
|---|---|
| campo de control de longitud fija | 00507nam a2200181 a 4500 |
| 001 - NÚMERO DE CONTROL | |
| campo de control | 000026037 |
| 005 - FECHA Y HORA DE LA ÚLTIMA TRANSACCIÓN | |
| campo de control | 20200930024241.0 |
| 008 - DATOS DE LONGITUD FIJA--INFORMACIÓN GENERAL | |
| campo de control de longitud fija | 110217s1944 sp r 000 | spa d |
| 040 ## - FUENTE DE LA CATALOGACIÓN | |
| Centro catalogador/agencia de origen | DO-SdBNP |
| Lengua de catalogación | spa |
| Centro/agencia transcriptor | BNPHU |
| 082 ## - NÚMERO DE LA CLASIFICACIÓN DECIMAL DEWEY | |
| Número de clasificación | NNN |
| Número de documento/Ítem | P829v |
| 049 ## - FONDOS LOCALES (OCLC) | |
| Fondos de biblioteca | BNGR |
| 245 10 - MENCIÓN DE TÍTULO | |
| Título | Popol vuh o El libro del consejo / |
| Mención de responsabilidad, etc. | Luis Miguel Baudizzone. |
| 260 ## - PUBLICACIÓN, DISTRIBUCIÓN, ETC. | |
| Lugar de publicación, distribución, etc. | Buenos Aires : |
| Nombre del editor, distribuidor, etc. | Nova, |
| Fecha de publicación, distribución, etc. | 1944. |
| 300 ## - DESCRIPCIÓN FÍSICA | |
| Extensión | 102 p. ; |
| Dimensiones | 20 cm. |
| 490 1# - MENCIÓN DE SERIE | |
| Mención de serie | Mar Dulce |
| 700 1# - PUNTO DE ACCESO ADICIONAL--NOMBRE DE PERSONA | |
| Nombre de persona | Baudizzone , Luis Miguel , |
| 9 (RLIN) | 52973 |
| 830 #0 - PUNTO DE ACCESO ADICIONAL DE SERIE-TÍTULO UNIFORME | |
| Título uniforme | Mar Dulce |
| 9 (RLIN) | 52974 |
| Estado de retiro | Estado de pérdida | Restricciones de uso | No para préstamo | Código de colección | Localización permanente | Ubicación/localización actual | Ubicación en estantería | Fecha de adquisición | Número de inventario | Total de préstamos | Signatura topográfica completa | Código de barras | Fecha visto por última vez | Precio válido a partir de | Tipo de ítem Koha |
|---|---|---|---|---|---|---|---|---|---|---|---|---|---|---|---|
| Excluido de préstamo | Monografías: Libros y Folletos | General | General | En catalogación | 25.02.2011 | LF1 | NNN P829v | 26037-10 | 25.06.2020 | 25.06.2020 | No se presta |
